000 00429 a2200121 4500
001 ART_2687
005 20260410161728.0
008 260409a
245 1 0 _aMarketing territorial aplicado al mercado de consumo en la ciudad de Santa Fé (Argentina).
100 1 _aKosiak de Gesualdo, Graciela
700 1 _aModesto, María Florencia
773 0 _tCiencias económicas
_g- Año 7, Vol. 2 (jun. 2010)
_wREV2567
999 _c17625
_d17625